000 02353cam a2200349 i 4500
999 _c23439
_d23439
001 16502780
005 20170126112548.0
008 101015s2011 enk b 001 0 eng
010 _a 2010044257
020 _a9781409400509 (hardcover)
040 _aDLC
_beng
_cDLC
_erda
042 _apcc
050 0 0 _aN6465
_b.M63B68 2011
245 0 0 _aBiocentrism and Modernism /
_cEdited by Oliver A.I. Botar and Isabel Wünsche.
260 _aFarnham, Surrey, England :
_bASHGATE,
_c[2011]
300 _axvi, 266p. :
_c25 cm.
504 _aIncludes bibliographical references (pages 239-259) and index.
650 0 _aModernism (Art)
650 0 _aNature (Aesthetics)
650 0 _aHuman ecology in art.
700 1 _aBotar, Oliver A. I.
_q(Oliver Arpad Istvan),
_d1957-
700 1 _aWünsche, Isabel.
700 1 2 _aBotar, Oliver A. I.
_q(Oliver Arpad Istvan),
_d1957-
_tDefining biocentrism.
942 _2lcc
_cBOOKS
_hN6465 .M63B68 2011